Simulácia systému križovatiek = Simulation of Intersection System : Diplomová práca

Saved in:
Bibliographic Details
Main Author: Ambruš, Martin (Author)
Other Authors: Vragaš, Stanislav, 1965- (xxx)
Format: Manuscript Book
Language:Slovak
Published: Trnava : STU v Bratislave MTF UIAM, 2009
Subjects:
Tags: Add Tag
No Tags, Be the first to tag this record!

MARC

LEADER 00000ntm a22000003a 4500
001 stu195954
005 20160719155931.8
008 091116s2009----xo------------------slo-d
040 |a STU  |b slo 
041 0 |a slo 
044 |a xo 
100 1 |a Ambruš, Martin  |4 aut 
245 1 |a Simulácia systému križovatiek = Simulation of Intersection System :  |b Diplomová práca 
260 |a Trnava :  |b STU v Bratislave MTF UIAM,  |c 2009 
300 |a 75 s  |c príl (1 CD-ROM) 
500 |a Študijný program: automatizácia a informatizácia procesov 
500 |a Študijný odbor: 5.2.14 automatizácia 
650 7 |a simulačný model  |2 stusub 
700 1 |a Vragaš, Stanislav,  |d 1965-  |4 xxx  |u M1000  |U MTF Materiálovotechnologická fakulta  |T MTF Ústav materiálov  |X 2802  |U M1000  |Y 81  |7 A000002802 
700 1 |a Križanová, Gabriela,  |d 1978-  |4 csl  |u M6000  |U MTF Materiálovotechnologická fakulta  |T MTF Ústav aplikovanej informatiky, automatizácie a matematiky  |X 2791  |U M6000  |Y 86  |7 A000002791 
996 |b 284M071538  |c M*DP-8402  |l MMSKP  |s P  |a 0  |w stu195954_0001